Państwa Europy po emotkach - Statystyki

Ogólne statystyki
  • Ten quiz został rozwiązany 47 razy
  • Średni wynik to 6 z 6
Statystyki odpowiedzi
Hint Odpowiedź % Poprawnych
💃⚽🍹 Hiszpania
100%
🍺🧱🐕‍🦺 Niemcy
100%
🍷🍕🍝 Włochy
100%
💂‍♂️🎡🌉 Wielka Brytania
98%
🥟🦬🏐 Polska
95%
🌋🌨️🏝️ Islandia
68%
Nie znaleziono quizów pasujących do podanych kryteriów
Rozkład punktacji
Procent ludzi z każdym wynikiem
Percentyl według liczby udzielonych odpowiedzi
Twoja historia wyników
Nie rozwiązałeś tego quizu